000 01171nam a2200325 4500
001 0000023709
003 CO-CtgCURN
005 20250331184447.0
007 ta
008 160627s2012 000 0 eng d
020 _a9789587670335
040 _aCO-CtgCURN
_bspa
_ccoctgcurn
082 0 _a346.861
_bC718c
110 2 _aColombia.
245 1 0 _aCódigo civil.
250 _a29a ed.
260 _aBogotá :
_bLegis,
_c2012.
300 _a847 p.
336 _2rdacontent
337 _2rdamedia
_asin mediacion
_bn
338 _2rdacarrier
_avolumen
_bnc
490 1 _aCódigos basicos
500 _aIncluye abreviaturas utilizadas, indice general e indice alfabetico.
505 8 _aDe las personas.--De los bienes y de su dominio, posesion, uso y goce.--De la sucesion por causa de muerte y de las donaciones entre vivos.--De las obligaciones en general y de los contratos.--Suplemento
650 1 4 _aDerecho civil
_vLegislacion
_zColombia.
908 _a160627
942 _cBK
_h346.861
_iC718c
_2ddc
999 _c20301
_d20301